2010s Movies A-Z III Quiz Stats

 Plays Quiz Updated May 17, 2019

Score 0/25 Timer 06:00
9 Plays Today
% Correct
Ted
95.9%
The Hunger Games
95.2%
Spider-Man: Homecoming
95.2%
Moana
91.9%
Guardians of the Galaxy
90.9%
Despicable Me
88.8%
Life of Pi
88%
Yogi Bear
86.3%
X-Men: Apocalypse
86.3%
Bridesmaids
83.9%
Kick-Ass
79.9%
John Wick
77.4%
I, Tonya
69.8%
% Correct
Zookeeper
69.1%
American Hustle
68.1%
Ocean's Eight
65.8%
The Cabin in the Woods
56.3%
Vice
54%
Whiplash
53.4%
Us
50.7%
Night School
48.6%
Ex Machina
46%
Rush
44.3%
Pet Sematary
41.3%
Foxcatcher
40.6%

You're not logged in!

Compare scores with friends on all Sporcle quizzes.
OR
Log In

Show Comments

Extras

Top Quizzes Today


Score Distribution

Your Account Isn't Verified!

In order to create a playlist on Sporcle, you need to verify the email address you used during registration. Go to your Sporcle Settings to finish the process.

Report this User

Report this user for behavior that violates our Community Guidelines.

Details: